Tribhuvan University Central Library

Banking institutions in developing markets (Record no. 6867)

MARC details
000 -LEADER
fixed length control field 003950000a22001690004500
082 ## - DEWEY DECIMAL CLASSIFICATION NUMBER
Classification number 332.1
Item number B22b
-- UN
041 ## - LANGUAGE CODE
Language code of text/sound track or separate title Eng
100 ## - MAIN ENTRY--PERSONAL NAME
Personal name Borltrop, Chris J.
100 ## - MAIN ENTRY--PERSONAL NAME
Personal name McNaughton, Diana
245 ## - TITLE STATEMENT
Title Banking institutions in developing markets
260 ## - PUBLICATION, DISTRIBUTION, ETC. (IMPRINT)
Place of publication, distribution, etc Washington,D.C.
Name of publisher, distributor, etc The World Bank
260 ## - PUBLICATION, DISTRIBUTION, ETC. (IMPRINT)
Date of publication, distribution, etc 1992
300 ## - PHYSICAL DESCRIPTION
Extent v.
530 ## - ADDITIONAL PHYSICAL FORM AVAILABLE NOTE
Additional physical form available note M
650 ## - SUBJECT ADDED ENTRY--TOPICAL TERM
Topical term or geographic name as entry element Financial economics
942 ## - ADDED ENTRY ELEMENTS (KOHA)
Koha item type General Collections

No items available.